ARRUPE JESUIT UNIVERSITY

CORONAVIRUS -STOP THE SPREAD - CLEAN,DISINFECT,COVER

La Pensee de Freud (Record no. 124808)

MARC details
000 -LEADER
fixed length control field 00327nam a22001217a 4500
008 - FIXED-LENGTH DATA ELEMENTS--GENERAL INFORMATION
fixed length control field 160719b xxu||||| |||| 00| 0 eng d
050 ## - LIBRARY OF CONGRESS CALL NUMBER
Classification number BF173.F85P43 1946
100 ## - MAIN ENTRY--PERSONAL NAME
Personal name Pesch, Edgar
9 (RLIN) 24415
245 ## - TITLE STATEMENT
Title La Pensee de Freud
Statement of responsibility, etc / Edgar Pesch
260 ## - PUBLICATION, DISTRIBUTION, ETC. (IMPRINT)
Place of publication, distribution, etc s.l.
Name of publisher, distributor, etc Bordas
Date of publication, distribution, etc 1946
300 ## - PHYSICAL DESCRIPTION
Extent 140p. ;
Dimensions 16cm.
942 ## - ADDED ENTRY ELEMENTS (KOHA)
Source of classification or shelving scheme Library of Congress Classification
Item type Monograph ( Printed materials)
Holdings
Withdrawn status Lost status Source of classification or shelving scheme Damaged status Not for loan Home library Current library Date acquired Total Checkouts Full call number Barcode Date last seen Price effective from Koha item type
    Library of Congress Classification     ARRUPE LIBRARY ARRUPE LIBRARY 19/07/2016   BF173.F85P43 1946 46500008680 13/09/2016 19/07/2016 Monograph ( Printed materials)

 

Arrupe Library. PO Box MP320 Mt Pleasant, Harare, Zimbabwe
263 242 745411|librarian@aju.ac.zw